Представление документа в формате MARC21

Поле Инд. ПП Название Значение
Тип записи a
Библиографический уровень m
001 Контрольный номер RU/LIBMSTU/263476510
005 Дата корректировки 20200428114726.0
008 Кодируемые данные 080512|||||||||ru |||||||||||000|||rus||
020 a ISBN 5-8465-0504-Х (Филол. фак. СПбГУ)
020 a ISBN 5-7695-3094-4 (Академия)
c Цена, тираж 99-22
040 b Код языка каталог. rus
041 0_ a Код языка текста rus
084 a Индекс другой классификации/Индекс ББК 81.2Р-4
090 a Полочн. индекс 81.2Р-4
x Авторский знак Д 13
245 10 a Заглавие Давайте говорить правильно! Юридическая терминология современной России
b Продолж. заглавия крат. слов.-справ.
c Ответственность [Е. Ю. Ваулина] ; Совет по рус. яз. при Правительстве РФ, М-во образования и науки РФ, С.-Петерб. гос. ун-т, Межкаф. слов. каб. им. Б. А. Ларина
260 a Место издания Москва
b Издательство Академия
260 a Место издания Санкт-Петербург
b Издательство филол. фак. СПбГУ
c Дата издания 2006
300 a Объем 307, [1] с.
440 _7 a Серия Серия "Давайте говорить правильно!"
650 04 a Основная рубрика Русский язык-Словари
653 0_ a Ключевые слова Русский язык
653 1_ a Ключевые слова Словари
653 1_ a Ключевые слова Термины
700 12 a Другие авторы Ваулина Е. Ю.
e Роль лиц авт.
901 t Тип документа m